00679 2200229 4500001002100000005001500021035002000036007000300056008003900059020001900098082001000117084001600127100003300143245008600176250001400262260004400276300004100320650002600361650002400387504002000411990001800431INLIS00000000000528720250414074519 a0010-0425000001ta250414 | | |  a978602080819-2 a745.5 a745.5 OLI p0 aOlimpiana Prima Kristi, S.Pd1 aPunya Barang Bekas ? :bDaur Ulang, Jadikan Uang! /cOlimpiana Prima Kristi, S.Pd aCet. 3,-- aDepok. :bTrans Idea Publishing,c2021. a146 hlm. :bilus. ;c18,5 x 25,5 cm. aPenyunting, Tristanti aDesain cover, Yudan aTentang Penulis a16146/P/BL/25